[Event "ICS rated blitz match"]
[Site "204.178.125.65"]
[Date "1999.08.18"]
[Round "?"]
[White "PostModernist"]
[Black "Hossa"]
[Result "1-0"]
[WhiteElo "2554"]
[BlackElo "2444"]
[PlyCount "109"]

1. e4 e5 2. Nf3 d6 3. Nc3 f5 4. d4 fxe4 5. Nxe4 d5 6. Ng3 e4 7. Ne5 Nf6 8. Nh5
Nbd7 9. Bg5 c6 10. c3 Qe7 11. Nxf6+ Nxf6 12. Be2 Qd8 13. O-O Bd6 14. Bh5+ g6
15. Bg4 Bxe5 16. dxe5 Bxg4 17. Qd2 Rf8 18. Bxf6 Qd7 19. Rfe1 Qe6 20. Qh6 Rf7
21. h3 Bh5 22. Qg5 a5 23. g4 b6 24. gxh5 Qxh3 25. hxg6 hxg6 26. Qxg6 Rc8 27. f4
Kf8 28. Re2 Rh7 29. Rf1 a4 30. Kf2 Qh5 31. Bg7+ Ke7 32. Qf6+ Ke8 33. Rg1 a3 34.
Qf8+ Kd7 35. Qd6+ Ke8 36. Qe6+ Kd8 37. Ke1 Qh4+ 38. Kd1 Kc7 39. Qf7+ Kb8 40.
Kc1 Qh3 41. e6 axb2+ 42. Kxb2 Qh5 43. Reg2 Ka8 44. Qe7 Kb8 45. Qd7 Rc7 46. Qd8+
Kb7 47. e7 Rxe7 48. Qxe7+ Ka6 49. Qa3+ Kb7 50. Be5 Rf7 51. Rg8 Qh2+ 52. Kb3
Qc2+ 53. Kxc2 Rf8 54. R1g7+ Rf7 55. Rxf7# {Hossa checkmated} 1-0

[Event "ICS rated blitz match"]
[Site "204.178.125.65"]
[Date "1999.08.18"]
[Round "?"]
[White "Hossa"]
[Black "TheBorg"]
[Result "0-1"]
[WhiteElo "2433"]
[BlackElo "2630"]
[PlyCount "82"]

1. d4 Nf6 2. c4 e6 3. Nc3 Bb4 4. Bg5 c5 5. d5 d6 6. e4 Bxc3+ 7. bxc3 h6 8. Bxf6
Qxf6 9. Rc1 O-O 10. Bd3 exd5 11. cxd5 Qg5 12. g3 Re8 13. Ne2 Bg4 14. Qa4 Nd7
15. f4 Qe7 16. c4 f5 17. e5 dxe5 18. Kd2 e4 19. Bb1 Bf3 20. Rhe1 Nb6 21. Qb5
Qd6 22. Kc2 Qf6 23. Ng1 Bg4 24. h3 Bh5 25. Kb3 Qd4 26. Qa5 Nd7 27. Ka3 b5 28.
cxb5 Nb6 29. Qc3 Qa4+ 30. Kb2 Rad8 31. Bc2 Qxb5+ 32. Qb3 Qa6 33. Bd1 Rb8 34.
Bxh5 Na4+ 35. Kb1 Qd3+ 36. Rc2 c4 37. Bxe8 cxb3 38. axb3 Rxb3+ 39. Kc1 Nc3 40.
Rb2 Na2+ 41. Rxa2 41... Rb1# {Hossa checkmated} 0-1

[Event "ICS rated blitz match"]
[Site "204.178.125.65"]
[Date "1999.08.18"]
[Round "?"]
[White "TheBorg"]
[Black "Hossa"]
[Result "1-0"]
[WhiteElo "2638"]
[BlackElo "2425"]
[PlyCount "95"]

1. e4 e5 2. Nf3 d6 3. d4 exd4 4. Nxd4 g6 5. Nc3 Bg7 6. Be3 Ne7 7. Qf3 Nbc6 8.
Rd1 O-O 9. Be2 f5 10. Bc4+ Kh8 11. O-O Ne5 12. Qe2 f4 13. Bd2 f3 14. gxf3 Bh3
15. Ne6 Bxe6 16. Bxe6 Nxf3+ 17. Kg2 Nc6 18. Be3 Qh4 19. h3 Bxc3 20. bxc3 Nce5
21. Bc1 Rae8 22. Bd5 c6 23. Bb3 Nd7 24. Qe3 Nc5 25. c4 Nxe4 26. Bb2+ Kg8 27.
c5+ d5 28. Rxd5 cxd5 29. Bxd5+ Rf7 30. Bxf7+ Kxf7 31. Qxf3+ Ke7 32. Bc1 Rf8 33.
Qe3 Rf6 34. Qd4 Ke6 35. Be3 Rf5 36. Rb1 Rh5 37. Qc4+ Kf6 38. Bd4+ Kg5 39. Qd5+
Kh6 40. Be3+ Rg5+ 41. Kf3 Qxh3+ 42. Kxe4 Qg2+ 43. f3 Qxc2+ 44. Kd4 Qxb1 45.
Bxg5+ Kg7 46. Qd7+ Kh8 47. Bf6+ Kg8 48. Qe8# {Hossa checkmated} 1-0

[Event "ICS rated blitz match"]
[Site "204.178.125.65"]
[Date "1999.08.18"]
[Round "?"]
[White "Hossa"]
[Black "TheBorg"]
[Result "0-1"]
[WhiteElo "2418"]
[BlackElo "2645"]
[PlyCount "108"]

1. d4 Nf6 2. c4 g6 3. Nc3 d5 4. cxd5 Nxd5 5. e4 Nxc3 6. bxc3 Bg7 7. Bb5+ c6 8.
Ba4 O-O 9. Ne2 b6 10. O-O Ba6 11. Bf4 c5 12. Be3 Nd7 13. Rb1 e6 14. Bc6 Rc8 15.
Bb5 Bxb5 16. Rxb5 cxd4 17. cxd4 Qe7 18. Qa4 a6 19. Rbb1 a5 20. Rfc1 Rfd8 21.
Qb3 Qh4 22. f3 h6 23. Qb5 Rxc1+ 24. Rxc1 Kh8 25. Bd2 Qe7 26. Rc6 Qa3 27. Rc2
Kg8 28. Bf4 Qe7 29. Bc7 Rc8 30. Qa6 Rf8 31. Rc3 Qb4 32. Qd3 Rc8 33. a3 Qb2 34.
Qc2 Qxc2 35. Rxc2 Bf8 36. Rc6 Bxa3 37. d5 exd5 38. exd5 Nb8 39. Bxb8 Rxb8 40.
Kf1 b5 41. Nc3 b4 42. Na4 b3 43. Ra6 Rb5 44. Nc3 Bb4 45. Nxb5 b2 46. Ra8+ Kg7
47. g3 b1=Q+ 48. Kg2 Bc5 49. Rb8 Qg1+ 50. Kh3 Qf1+ 51. Kh4 Be7+ 52. Kg4 f5+ 53.
Kf4 Qc1+ 54. Ke5 54... Qe3# {Hossa checkmated} 0-1

[Event "ICS rated blitz match"]
[Site "204.178.125.65"]
[Date "1999.08.18"]
[Round "?"]
[White "TheBorg"]
[Black "Hossa"]
[Result "1-0"]
[WhiteElo "2652"]
[BlackElo "2411"]
[PlyCount "61"]

1. e4 e5 2. Nf3 d6 3. d4 exd4 4. Nxd4 g6 5. Bc4 Bg7 6. Nc3 Nc6 7. Be3 Nge7 8.
O-O O-O 9. Qd2 Re8 10. Nxc6 Nxc6 11. Bg5 Bxc3 12. bxc3 Ne7 13. Bf6 Bd7 14. Qh6
Nf5 15. Qg5 Ne7 16. Qf4 Ba4 17. Bd4 Nf5 18. exf5 g5 19. Qg4 d5 20. Bxd5 c6 21.
Bxf7+ Kxf7 22. Qh5+ Kg8 23. Qh6 Qe7 24. Rae1 Rac8 25. Re6 Qf7 26. Qxg5+ Kf8 27.
Bc5+ Re7 28. Rxe7 Bxc2 29. Rc7+ Ke8 30. Rxc8+ Kd7 31. Qd8# {Hossa checkmated}
1-0

[Event "ICS rated blitz match"]
[Site "204.178.125.65"]
[Date "1999.08.18"]
[Round "?"]
[White "TheBorg"]
[Black "Hossa"]
[Result "1-0"]
[WhiteElo "2632"]
[BlackElo "2431"]
[PlyCount "119"]

1. d4 Nf6 2. c4 d5 3. Nc3 e6 4. Bg5 Bb4 5. cxd5 exd5 6. e3 Nbd7 7. Bd3 c5 8.
Nge2 cxd4 9. exd4 O-O 10. O-O Bd6 11. Qd2 Bb4 12. a3 Be7 13. Rfe1 Re8 14. Nf4
h6 15. Bxf6 Nxf6 16. Re5 Bd6 17. Rxe8+ Nxe8 18. Nfxd5 Be6 19. Be4 Rc8 20. Re1
Kh8 21. Qe3 b6 22. Qf3 Qg5 23. Qe3 Qd8 24. Nb5 Bxd5 25. Bxd5 Bxh2+ 26. Kxh2
Qxd5 27. Nxa7 Nf6 28. Qd3 Ra8 29. Nb5 Ng4+ 30. Kg3 Nf6 31. Re5 Nh5+ 32. Kh4
Qxg2 33. Kxh5 Qxf2 34. Qe3 Qh2+ 35. Kg4 Ra5 36. Qf3 Qg1+ 37. Kh3 Qg6 38. b4 Ra6
39. Re8+ Kh7 40. d5 f6 41. Re7 Ra8 42. Nc7 Rg8 43. d6 f5 44. d7 Qd6 45. Qxf5+
Kh8 46. Re8 Qxc7 47. Rxg8+ Kxg8 48. Qd5+ Kf8 49. d8=Q+ Qxd8 50. Qxd8+ Kf7 51.
Qxb6 h5 52. Qe3 Kg8 53. Qe8+ Kh7 54. Qxh5+ Kg8 55. Qe8+ Kh7 56. Kg4 g6 57. Kg5
Kg7 58. Qe7+ Kh8 59. Kxg6 Kg8 60. Qe8# {Hossa checkmated} 1-0

[Event "ICS rated blitz match"]
[Site "204.178.125.65"]
[Date "1999.08.18"]
[Round "?"]
[White "Hossa"]
[Black "Esen"]
[Result "1/2-1/2"]
[WhiteElo "2423"]
[BlackElo "2021"]
[PlyCount "151"]

1. d4 Nf6 2. c4 e6 3. Nc3 Bb4 4. Bg5 Bxc3+ 5. bxc3 h6 6. Bxf6 Qxf6 7. e4 d6 8.
Bd3 e5 9. Qf3 Qxf3 10. Nxf3 Nc6 11. Rb1 b6 12. Ke2 Bg4 13. d5 Na5 14. Rb2 Bxf3+
15. Kxf3 Ke7 16. g3 g5 17. Rhb1 Rag8 18. a4 Nb7 19. Ke3 a5 20. f3 f6 21. Rc1
Nc5 22. Bc2 h5 23. Rcb1 h4 24. g4 Rg7 25. h3 Rgg8 26. Rb5 Rd8 27. R1b2 Nd7 28.
Kd2 Nf8 29. Bd3 Ng6 30. Ke3 Nf4 31. Bf1 Ng6 32. Bg2 Nf4 33. R5b3 Ng6 34. Rb1
Nf4 35. Bf1 Ng6 36. Rb5 Nf4 37. R1b3 Ng6 38. Kf2 Nf8 39. Rb2 Nd7 40. Bd3 Nc5
41. Bc2 Nd7 42. Bb3 Nc5 43. Ke3 Nd7 44. Bd1 Nf8 45. Be2 Nd7 46. Rb1 Nc5 47. Bd1
Nd7 48. R5b3 Nc5 49. R3b2 Nd7 50. Bc2 Nf8 51. Bd3 Ng6 52. Be2 Nf8 53. Rb5 Nd7
54. Bd3 Nc5 55. Bc2 Nd7 56. Ke2 Nf8 57. Bd3 Ng6 58. Kf2 Nf4 59. Bf1 Ng6 60. Be2
Nf8 61. R5b2 Ng6 62. Bf1 Nf4 63. Rb3 Ng6 64. R1b2 Nf8 65. Ke3 Nd7 66. Bd3 Nc5
67. Ra3 Nd7 68. Ra1 Nf8 69. Rh1 Ng6 70. Rbb1 Nf4 71. Kd2 Ng6 72. Rb2 Nf8 73.
Rhb1 Nd7 74. Ke3 Nc5 75. Ra1 Nd7 76. Raa2 {Game drawn by the 50 move rule}
1/2-1/2

[Event "ICS rated blitz match"]
[Site "204.178.125.65"]
[Date "1999.08.18"]
[Round "?"]
[White "Hossa"]
[Black "bookbuilder"]
[Result "0-1"]
[WhiteElo "2410"]
[BlackElo "2675"]
[PlyCount "152"]

1. e4 e6 2. d4 d5 3. Nc3 Bb4 4. a3 Bxc3+ 5. bxc3 Nc6 6. Bb5 Nge7 7. Be3 dxe4 8.
Bxc6+ Nxc6 9. Qg4 O-O 10. Qxe4 e5 11. dxe5 Be6 12. c4 Na5 13. Bc5 Re8 14. Rd1
Qg5 15. f4 Qg4 16. Bb4 Bf5 17. Qf3 Nxc4 18. Qxg4 Bxg4 19. Rd3 f6 20. h3 Bf5 21.
Rc3 b5 22. a4 c6 23. Ne2 fxe5 24. Rf1 e4 25. g4 Be6 26. f5 Bf7 27. f6 a5 28.
Bc5 b4 29. Rb3 Ne5 30. Re3 Nf3+ 31. Kf2 Nd2 32. Re1 Nc4 33. Rb3 gxf6 34. Nf4
Rad8 35. Kg3 Re5 36. Be3 c5 37. h4 Na3 38. Rb2 Be8 39. Re2 Bxa4 40. Nh5 Bb5 41.
Re1 Nc4 42. Ra2 Kf7 43. Bf4 Re6 44. Bc7 Rd7 45. Bf4 a4 46. g5 b3 47. cxb3 axb3
48. Ra8 f5 49. Rh8 Kg6 50. Nf6 Rxf6 51. gxf6 Kxf6 52. Rf8+ Ke6 53. Re8+ Kf7 54.
Rh8 Rd3+ 55. Kg2 Kg7 56. Rc8 Rd5 57. Rb8 Na3 58. Rb7+ Kf6 59. Bg5+ Ke5 60. Re7+
Kd4 61. Bf6+ Kc4 62. Rc1+ Nc2 63. Rxh7 f4 64. h5 f3+ 65. Kg3 Rf5 66. Bg7 f2 67.
Be5 e3 68. Rg7 e2 69. Rg4+ Kd3 70. Rb1 f1=Q 71. Rxb3+ Kd2 72. Bc3+ Kc1 73. Bb2+
Kd1 74. Re4 e1=Q+ 75. Kg4 Qxe4+ 76. Kg3 76... Qfg2# {Hossa checkmated} 0-1

[Event "ICS rated blitz match"]
[Site "204.178.125.65"]
[Date "1999.08.18"]
[Round "?"]
[White "Dejan"]
[Black "Hossa"]
[Result "0-1"]
[WhiteElo "2256"]
[BlackElo "2404"]
[PlyCount "64"]

1. d4 Nf6 2. Nf3 d5 3. Bf4 Nh5 4. Bg5 h6 5. Bh4 g5 6. Bg3 e6 7. e3 Nxg3 8. hxg3
Nd7 9. Bd3 Bg7 10. c3 e5 11. dxe5 Nxe5 12. Nxe5 Bxe5 13. Nd2 Qd6 14. Qh5 Bxg3
15. fxg3 Qxg3+ 16. Ke2 Bg4+ 17. Kf1 Bxh5 18. Rxh5 c5 19. Re1 Rb8 20. Rh3 Qg4
21. Rf3 Rd8 22. Bb5+ Kf8 23. e4 d4 24. c4 Qh4 25. e5 g4 26. Rf4 Qh1+ 27. Kf2
g3+ 28. Ke2 Qxg2+ 29. Kd1 Ke7 30. Ref1 Rh7 31. Re4 Qxf1+ 32. Nxf1 32... g2 {
Dejan resigns} 0-1

[Event "ICS rated blitz match"]
[Site "204.178.125.65"]
[Date "1999.08.18"]
[Round "?"]
[White "PostModernist"]
[Black "Hossa"]
[Result "1-0"]
[WhiteElo "2537"]
[BlackElo "2412"]
[PlyCount "147"]

1. d4 Nf6 2. c4 d5 3. cxd5 Bf5 4. Nf3 Nxd5 5. e3 e6 6. Bc4 Nb4 7. Na3 Bd6 8.
O-O O-O 9. Bd2 N8c6 10. Nb5 Be7 11. a3 Nd5 12. Nc3 Rc8 13. Bxd5 exd5 14. Qb3
Be6 15. Qxb7 Qd7 16. b4 Rb8 17. Qa6 Rb6 18. Qd3 Bf5 19. Qe2 a6 20. Na4 Rb5 21.
Nc5 Bxc5 22. dxc5 Re8 23. Bc3 Bg4 24. Rfd1 Qf5 25. h3 Bxf3 26. Qxf3 Qxf3 27.
gxf3 Ne7 28. Kh2 f5 29. a4 Rb7 30. Rg1 g6 31. Rad1 Kf7 32. a5 c6 33. f4 Ke6 34.
Kg3 Rbb8 35. Kg2 Rb5 36. h4 Kf7 37. Kf3 Ke6 38. h5 gxh5 39. Rg7 h6 40. Rh1 Rg8
41. Rh7 Rg6 42. Rxh5 Ng8 43. Ra7 Ne7 44. Rxa6 d4 45. exd4 Kd5 46. Ra7 Re6 47.
Bd2 Kxd4 48. Rd7+ Kc4 49. Rd6 Rxd6 50. cxd6 Nd5 51. Rxf5 Rb7 52. Rh5 Nxb4 53.
Rxh6 c5 54. Rh5 Rd7 55. Be3 Na6 56. f5 Rxd6 57. Rh6 Rxh6 58. Bxh6 Kd5 59. Kf4
Nb4 60. Kg5 Nc6 61. a6 Kd6 62. f6 Ke6 63. Kg6 c4 64. Bf4 c3 65. f7 Ne7+ 66. Kg5
Kxf7 67. a7 Nd5 68. a8=Q Ne7 69. Qa2+ Ke8 70. Kf6 Nc6 71. Qf7+ Kd8 72. Qc7+ Ke8
73. Qxc6+ Kf8 74. Qa8# {Hossa checkmated} 1-0

[Event "ICS rated blitz match"]
[Site "204.178.125.65"]
[Date "1999.08.18"]
[Round "?"]
[White "alib"]
[Black "Hossa"]
[Result "0-1"]
[WhiteElo "2183"]
[BlackElo "2402"]
[PlyCount "134"]

1. d4 Nf6 2. c4 d5 3. cxd5 Bf5 4. Nc3 Nxd5 5. Qb3 Nxc3 6. bxc3 Be4 7. f3 Bc6 8.
e4 e6 9. a4 Qh4+ 10. g3 Qh5 11. Bb5 Bxb5 12. Qxb5+ Qxb5 13. axb5 a5 14. Bf4 Kd7
15. Kd2 b6 16. Ne2 Bd6 17. Bxd6 cxd6 18. Nc1 Rc8 19. Nd3 Ra7 20. Nb2 d5 21. Nd3
Rac7 22. Ra3 Kd6 23. Re1 Nd7 24. exd5 Kxd5 25. Ne5 Nxe5 26. Rxe5+ Kd6 27. Kd3
Rc4 28. Rh5 h6 29. Re5 f6 30. Re4 Kd5 31. f4 Rxc3+ 32. Rxc3 Rxc3+ 33. Kxc3 Kxe4
34. Kc4 f5 35. h4 Kf3 36. d5 exd5+ 37. Kxd5 Kxg3 38. Kc6 a4 39. Kxb6 a3 40. Kc6
a2 41. b6 a1=Q 42. b7 Qa4+ 43. Kc7 Qxf4+ 44. Kc8 Qc4+ 45. Kd8 Qd5+ 46. Kc8 Qc6+
47. Kb8 Kxh4 48. Ka7 Qxb7+ 49. Kxb7 f4 50. Kb6 f3 51. Kc6 f2 52. Kd5 f1=Q 53.
Kd6 Qd1+ 54. Kc5 Qd5+ 55. Kxd5 g5 56. Ke4 g4 57. Ke3 g3 58. Kf3 h5 59. Kf4 g2
60. Kf3 g1=Q 61. Ke4 Qc5 62. Kd3 Kg5 63. Ke4 Kg4 64. Kd3 Kf3 65. Kd2 Qc4 66.
Kd1 Ke3 67. Ke1 67... Qc1# {alib checkmated} 0-1

[Event "ICS rated blitz match"]
[Site "204.178.125.65"]
[Date "1999.08.18"]
[Round "?"]
[White "Hossa"]
[Black "alib"]
[Result "1/2-1/2"]
[WhiteElo "2409"]
[BlackElo "2176"]
[PlyCount "87"]

1. d4 Nf6 2. c4 c5 3. d5 b5 4. cxb5 a6 5. f3 e6 6. e4 axb5 7. Bxb5 exd5 8. exd5
Bd6 9. Ne2 Qe7 10. O-O O-O 11. Re1 Qd8 12. Nbc3 Qc7 13. g3 Bb7 14. Bg5 Be5 15.
f4 Bxc3 16. Nxc3 Qd6 17. Re5 h6 18. Bxf6 Qxf6 19. Qe2 d6 20. Re7 Ba6 21. Bxa6
Nxa6 22. Re1 Nb4 23. Qc4 Qd4+ 24. Qxd4 cxd4 25. R1e4 dxc3 26. Rxb4 Rxa2 27.
bxc3 Rc8 28. c4 Rc2 29. Rb6 R8xc4 30. Rxd6 Rd2 31. Rc6 Rb4 32. Rc8+ Kh7 33. Rc1
Rbb2 34. f5 Rg2+ 35. Kf1 Rxh2 36. Kg1 Rhg2+ 37. Kh1 Rbf2 38. Rc3 Rh2+ 39. Kg1
Rfg2+ 40. Kf1 Rf2+ 41. Kg1 Rfg2+ 42. Kf1 Rf2+ 43. Kg1 Rfg2+ 44. Kf1 {
Game drawn by repetition} 1/2-1/2

[Event "ICS rated blitz match"]
[Site "204.178.125.65"]
[Date "1999.08.18"]
[Round "?"]
[White "Besiktas"]
[Black "Hossa"]
[Result "0-1"]
[WhiteElo "2305"]
[BlackElo "2414"]
[PlyCount "134"]

1. d4 Nf6 2. c4 d5 3. cxd5 Bf5 4. Nc3 Nxd5 5. f3 Nxc3 6. bxc3 e5 7. e4 Be6 8.
d5 Bc8 9. Be3 Be7 10. Bd3 O-O 11. Ne2 Bg5 12. Qd2 Bxe3 13. Qxe3 c6 14. c4 Qa5+
15. Kf2 f5 16. exf5 Bxf5 17. Ng3 Bxd3 18. Qxd3 Qc5+ 19. Ke2 b5 20. Ne4 Qxc4 21.
Qxc4 bxc4 22. d6 Nd7 23. Rac1 Nb6 24. Rhd1 Rab8 25. Nc5 Kf7 26. a4 Rfd8 27. a5
Nd5 28. Ne4 Rb2+ 29. Rd2 Rxd2+ 30. Kxd2 Nf6 31. Rxc4 Nxe4+ 32. Rxe4 Rxd6+ 33.
Ke3 Kf6 34. Rb4 Rd5 35. Rc4 c5 36. Ke4 Rd4+ 37. Rxd4 exd4 38. f4 h5 39. g3 Ke6
40. h3 a6 41. g4 h4 42. f5+ Ke7 43. g5 Kd6 44. Kd3 Ke5 45. f6 gxf6 46. g6 Ke6
47. Ke4 f5+ 48. Kf4 Kf6 49. g7 Kxg7 50. Kxf5 d3 51. Ke4 d2 52. Kd5 d1=Q+ 53.
Kxc5 Qd7 54. Kb6 Qxh3 55. Kxa6 Kf6 56. Kb6 Qe6+ 57. Kb7 Qd5+ 58. Kb6 Qxa5+ 59.
Kxa5 h3 60. Kb5 h2 61. Kc5 h1=Q 62. Kd4 Qc1 63. Kd3 Ke5 64. Ke2 Ke4 65. Kf2 Kf4
66. Ke2 Qc2+ 67. Kf1 67... Kf3 {Besiktas resigns} 0-1

[Event "ICS rated blitz match"]
[Site "204.178.125.65"]
[Date "1999.08.18"]
[Round "?"]
[White "Hossa"]
[Black "Besiktas"]
[Result "1-0"]
[WhiteElo "2426"]
[BlackElo "2305"]
[PlyCount "105"]

1. d4 d5 2. c4 c6 3. cxd5 cxd5 4. Nc3 e5 5. dxe5 d4 6. Qa4+ Nc6 7. Nb1 Bd7 8.
Bf4 Bb4+ 9. Bd2 Bxd2+ 10. Nxd2 Qb6 11. Nc4 Qb4+ 12. Qxb4 Nxb4 13. Nd6+ Ke7 14.
Rd1 Nc6 15. f4 f6 16. Nf3 fxe5 17. fxe5 Nh6 18. Nxb7 Rab8 19. Nc5 Rxb2 20. Nxd7
Kxd7 21. a3 Nf5 22. Kf2 Ke6 23. g4 Ne3 24. Rxd4 Nxd4 25. Nxd4+ Kxe5 26. Kxe3
Rc8 27. Nf3+ Kd5 28. Kf2 Rc3 29. Bg2 Rxa3 30. Ng5+ Ke5 31. Nxh7 Kf4 32. g5 Re3
33. Re1 a5 34. h4 a4 35. Nf8 Re8 36. Nd7 a3 37. Nc5 Rd8 38. Ne6+ Kg4 39. Bf3+
Kf5 40. Nxd8 a2 41. Ra1 g6 42. Nc6 Kf4 43. Ne7 Ke5 44. Nxg6+ Kd4 45. h5 Kc3 46.
h6 Kb3 47. h7 Ka3 48. h8=Q Rb1 49. Qa8+ Kb2 50. Qxa2+ Kc3 51. Rxb1 Kd4 52. Qb2+
Kc5 53. Qb4# {Besiktas checkmated} 1-0

[Event "ICS rated blitz match"]
[Site "204.178.125.65"]
[Date "1999.08.18"]
[Round "?"]
[White "Besiktas"]
[Black "Hossa"]
[Result "0-1"]
[WhiteElo "2294"]
[BlackElo "2437"]
[PlyCount "56"]

1. d4 Nf6 2. c4 d5 3. cxd5 Bf5 4. Nc3 Nxd5 5. f3 Nxc3 6. bxc3 e5 7. e4 Be6 8.
d5 Bc8 9. Be3 Be7 10. Qd2 Nd7 11. Bb5 f5 12. exf5 O-O 13. g4 Bh4+ 14. Kf1 Nf6
15. c4 a6 16. Ba4 b5 17. cxb5 axb5 18. Bxb5 Nxd5 19. Bc4 Ba6 20. Bxa6 Rxa6 21.
Ne2 Ra3 22. Bc5 Rxf3+ 23. Kg2 Nf4+ 24. Qxf4 exf4 25. Kxf3 Qd5+ 26. Kxf4 g5+ 27.
Ke3 Re8+ 28. Be7 28... Rxe7# {Besiktas checkmated} 0-1

[Event "ICS Rated blitz match"]
[Site "204.178.125.65"]
[Date "1999.08.18"]
[Round "?"]
[White "Hossa"]
[Black "matar"]
[Result "1-0"]
[WhiteElo "2447"]
[BlackElo "2213"]
[PlyCount "75"]

1. e4 c5 2. Nf3 e6 3. d4 cxd4 4. Nxd4 a6 5. Bd3 Nf6 6. O-O Qc7 7. b3 g6 8. Nd2
Bg7 9. Bb2 O-O 10. c4 d6 11. f4 Nbd7 12. Bc2 b6 13. Qe2 Bb7 14. Rad1 Rad8 15.
a4 e5 16. fxe5 dxe5 17. N4f3 Rfe8 18. Ng5 h6 19. Nh3 Nc5 20. a5 bxa5 21. Bc3
Rxd2 22. Bxd2 Ncxe4 23. Nf2 Nxd2 24. Rxd2 Qc6 25. Nd1 Nh5 26. Ne3 Nf4 27. Qe1
Nh3+ 28. Kh1 Nf4 29. Qf2 h5 30. Nd5 Bh6 31. g3 Rd8 32. gxf4 Bxf4 33. Kg1 f5 34.
Ne7+ Kg7 35. Nxc6 Rxd2 36. Qa7 Rd7 37. Nb8 Rf7 38. Qc5 {matar resigns} 1-0

[Event "ICS Rated blitz match"]
[Site "204.178.125.65"]
[Date "1999.08.18"]
[Round "?"]
[White "matar"]
[Black "Hossa"]
[Result "0-1"]
[WhiteElo "2234"]
[BlackElo "2454"]
[PlyCount "58"]

1. e4 e5 2. Nf3 d6 3. d4 exd4 4. Nxd4 g6 5. Nc3 Bg7 6. Be3 Ne7 7. Qd2 O-O 8.
O-O-O Nbc6 9. Nb3 f5 10. Bh6 Be6 11. h4 Bxh6 12. Qxh6 Bxb3 13. axb3 fxe4 14.
Bc4+ Kh8 15. g4 Ne5 16. Rdg1 d5 17. Be2 Rxf2 18. h5 Qf8 19. hxg6 Qxh6+ 20. Rxh6
N7xg6 21. Rgh1 Nf8 22. Bd1 c6 23. Ne2 Nxg4 24. R6h4 Ne3 25. Ng3 Rg2 26. Nh5
Nxd1 27. Kxd1 Ng6 28. R4h3 Rf8 29. Nf6 29... Rxf6 {matar resigns} 0-1

[Event "ICS rated blitz match"]
[Site "204.178.125.65"]
[Date "1999.08.18"]
[Round "?"]
[White "matar"]
[Black "Hossa"]
[Result "1-0"]
[WhiteElo "2220"]
[BlackElo "2468"]
[PlyCount "33"]

1. e4 e5 2. Nf3 d6 3. d4 exd4 4. Nxd4 g6 5. Nc3 Bg7 6. Be3 Ne7 7. Qd2 O-O 8. h4
f5 9. Bc4+ Kh8 10. h5 f4 11. Bxf4 Rxf4 12. Qxf4 Bxd4 13. hxg6 Bxc3+ 14. bxc3
Nxg6 15. Qf7 Qh4 16. Rxh4 d5 17. Qxh7# {Hossa checkmated} 1-0

[Event "ICS rated blitz match"]
[Site "204.178.125.65"]
[Date "1999.08.18"]
[Round "?"]
[White "Hossa"]
[Black "matar"]
[Result "0-1"]
[WhiteElo "2442"]
[BlackElo "2246"]
[PlyCount "130"]

1. e4 c5 2. Nf3 e6 3. d4 cxd4 4. Nxd4 a6 5. Bd3 Nf6 6. O-O Qc7 7. b3 g6 8. Nd2
Bg7 9. Bb2 O-O 10. c4 d6 11. f4 Nbd7 12. Bc2 b6 13. Qe2 Bb7 14. Rad1 Rad8 15.
a4 e5 16. fxe5 dxe5 17. N4f3 Nh5 18. Ba3 Nf4 19. Qe3 Rfe8 20. g3 Ne6 21. Bb1
Nd4 22. a5 bxa5 23. Ng5 f6 24. Ngf3 Nc5 25. Bb2 Nde6 26. Kh1 Rd7 27. Bc2 Red8
28. Bb1 Nd3 29. Ba3 Nec5 30. Ne1 Nb4 31. Nef3 Qc6 32. Rf2 Ncd3 33. Rff1 f5 34.
exf5 gxf5 35. Qg5 e4 36. Bxb4 axb4 37. Bxd3 exf3 38. Nxf3 Rxd3 39. Qxd8+ Rxd8
40. Rxd8+ Kf7 41. Rd5 h6 42. Rxf5+ Kg8 43. g4 Qe4 44. Rd5 Bxd5 45. cxd5 Qxd5
46. h4 Qxb3 47. g5 hxg5 48. hxg5 Qd5 49. Kg2 b3 50. Kg3 b2 51. Re1 Qd3 52. Kg4
b1=Q 53. Rxb1 Qxb1 54. Kf4 a5 55. Nd2 Qc1 56. Ke3 Bc3 57. Ke4 Qxd2 58. Kf3 Qxg5
59. Ke4 a4 60. Kf3 a3 61. Kf2 a2 62. Ke2 a1=Q 63. Kf3 Qf1+ 64. Ke4 Qgf5+ 65.
Ke3 65... Q5f4# {Hossa checkmated} 0-1

[Event "ICS rated blitz match"]
[Site "204.178.125.65"]
[Date "1999.08.18"]
[Round "?"]
[White "Hossa"]
[Black "mkarp"]
[Result "0-1"]
[WhiteElo "2418"]
[BlackElo "2280"]
[PlyCount "132"]

1. e4 c5 2. Nf3 d6 3. d4 cxd4 4. Nxd4 Nf6 5. Nc3 e6 6. f4 Nc6 7. e5 dxe5 8.
Nxc6 Qxd1+ 9. Nxd1 bxc6 10. fxe5 Nd7 11. Bf4 Bb4+ 12. c3 Ba5 13. Bc4 Bc7 14.
O-O Bxe5 15. Ne3 Bxf4 16. Rxf4 Nb6 17. Rd1 Nd5 18. Re4 O-O 19. Kf2 a5 20. Red4
a4 21. R1d2 a3 22. Bxd5 cxd5 23. bxa3 Rxa3 24. c4 dxc4 25. Rxc4 Ba6 26. Rc7 g6
27. Ng4 Kg7 28. Ne5 Ra5 29. Nc6 Rc5 30. a4 Rc8 31. Rxc8 Bxc8 32. Na7 Bb7 33.
Rb2 Bd5 34. Nb5 Rc4 35. Rd2 Rxa4 36. Ke3 Ra2 37. Rxa2 Bxa2 38. Nc3 Bb3 39. g4
h6 40. Ne4 g5 41. Nc5 Ba2 42. Nd3 f5 43. gxf5 exf5 44. Ne5 Kf6 45. Kd4 f4 46.
Ke4 Be6 47. Kd4 Bf5 48. Nc4 h5 49. Nb6 g4 50. Nd5+ Kg5 51. Ke5 f3 52. Ne3 Bd3
53. Kd4 Ba6 54. Nd1 Kf4 55. Nf2 h4 56. Ne4 g3 57. hxg3+ hxg3 58. Nf6 f2 59.
Nd5+ Kf3 60. Ke5 g2 61. Kd6 f1=Q 62. Nc3 g1=Q 63. Ke6 Qc4+ 64. Ke5 Qg5+ 65. Kd6
Qf6+ 66. Kd7 66... Qcc6# {Hossa checkmated} 0-1

[Event "ICS rated blitz match"]
[Site "204.178.125.65"]
[Date "1999.08.19"]
[Round "?"]
[White "Hossa"]
[Black "mkarp"]
[Result "1-0"]
[WhiteElo "2408"]
[BlackElo "2290"]
[PlyCount "63"]

1. d4 Nf6 2. c4 g6 3. Nc3 Bg7 4. e4 d6 5. f3 O-O 6. Be2 Nc6 7. d5 Ne5 8. Bg5 c6
9. Rc1 h6 10. Be3 a6 11. Qd2 Kh7 12. b3 b5 13. cxb5 cxd5 14. Nxd5 Nxd5 15. Qxd5
Be6 16. Qb7 axb5 17. Rc2 Nd7 18. Bxb5 Nc5 19. Bxc5 dxc5 20. Ke2 Qa5 21. Ba4 Bd4
22. Qxe7 Bc8 23. Kd1 Ba6 24. Bc6 Rad8 25. Bd5 Qa3 26. Ne2 Bd3 27. Nxd4 Bxc2+
28. Nxc2 Qxa2 29. Kd2 Kg7 30. Qxc5 Rfe8 31. Qc3+ Kg8 32. Ra1 {mkarp resigns}
1-0

[Event "ICS rated blitz match"]
[Site "204.178.125.65"]
[Date "1999.08.19"]
[Round "?"]
[White "mkarp"]
[Black "Hossa"]
[Result "0-1"]
[WhiteElo "2279"]
[BlackElo "2419"]
[PlyCount "50"]

1. e4 e5 2. Nf3 d6 3. d4 exd4 4. Nxd4 g6 5. Nc3 Bg7 6. Be3 Ne7 7. Qd2 O-O 8.
Bc4 Nbc6 9. O-O-O Bxd4 10. Bxd4 Nxd4 11. Qxd4 Nc6 12. Qd2 Be6 13. Bd5 Bxd5 14.
Nxd5 f5 15. f3 fxe4 16. fxe4 Ne5 17. Kb1 Ng4 18. Rdf1 c6 19. Nf4 Qe7 20. h3 Nf6
21. g4 Nxe4 22. Qd3 d5 23. Rhg1 Qb4 24. a3 Qd2 25. h4 25... Rxf4 {mkarp resigns
} 0-1

[Event "ICS rated blitz match"]
[Site "204.178.125.65"]
[Date "1999.08.19"]
[Round "?"]
[White "Hossa"]
[Black "mkarp"]
[Result "0-1"]
[WhiteElo "2429"]
[BlackElo "2269"]
[PlyCount "76"]

1. d4 Nf6 2. c4 g6 3. Nc3 Bg7 4. e4 d6 5. f3 O-O 6. Be3 Nc6 7. Rb1 e5 8. d5 Ne7
9. b4 Nh5 10. g4 Nf4 11. h4 f5 12. exf5 gxf5 13. g5 Nh5 14. Nge2 Ng6 15. Bg2 h6
16. gxh6 Bf6 17. Bg5 Bxg5 18. hxg5 Qxg5 19. Bf1 Kh7 20. Nb5 Rf7 21. c5 a6 22.
Na3 e4 23. Rb3 Ne5 24. fxe4 fxe4 25. Qc2 Nd3+ 26. Rxd3 exd3 27. Qxd3+ Bf5 28.
Qc4 Re8 29. cxd6 cxd6 30. Qc3 Re3 31. Nb5 axb5 32. Qxe3 Qxe3 33. Bh3 Bxh3 34.
Rxh3 Qxh3 35. Kd1 Nf4 36. Nxf4 Rxf4 37. a4 Rf2 38. Ke1 38... Qf1# {
Hossa checkmated} 0-1

[Event "ICS rated blitz match"]
[Site "204.178.125.65"]
[Date "1999.08.19"]
[Round "?"]
[White "matar"]
[Black "Hossa"]
[Result "0-1"]
[WhiteElo "2232"]
[BlackElo "2406"]
[PlyCount "58"]

1. e4 e5 2. Nf3 d6 3. d4 exd4 4. Nxd4 g6 5. Nc3 Bg7 6. Be3 Ne7 7. Qd2 O-O 8. h4
Nbc6 9. h5 Nxd4 10. Bxd4 Bxd4 11. Qxd4 Nc6 12. Qd2 g5 13. h6 Kh8 14. O-O-O f5
15. Nd5 fxe4 16. Rh5 Bg4 17. Rxg5 Ne5 18. Re1 Rxf2 19. Qxf2 Qxg5+ 20. Kb1 c6
21. Nc3 d5 22. Qd4 Re8 23. Qxa7 Qxh6 24. Qxb7 Qd2 25. Rc1 Kg8 26. a4 Rf8 27. a5
Qxc1+ 28. Kxc1 Rxf1+ 29. Kd2 29... Nc4# {matar checkmated} 0-1